Statistics for Liverpool FC Quiz

Click here to take the quiz!

General Stats

  • This quiz has been taken 180 times
  • The average score is 8 of 15

Answer Stats

QuestionAnswer% Correct
Where are they located/based?Liverpool
99%
Ground/Stadium?Anfield
90%
How many League titles have they won?18
89%
Full name of the club?Liverpool Football Club
83%
The club's nickname?The Reds
81%
Club anthem?You'll never walk alone
70%
Participate in which league?Premier League
67%
Current manager?Jurgen Klopp
65%
Most first team goals?Ian Rush
57%
Shortname?LFC
51%
Current owner?Fenway Sports Group
23%
Record signing?Andy Carroll
21%
Most first team appearances?Ian Callaghan
21%
Current chairman?Tom Werner
13%
Date the were founded?3rd June 1892
3%

Score Distribution

Percentile by Number Answered

Percent of People with Each Score

Your Score History

You have not taken this quiz